000 00472ntaaa2200181 4500
003 01
005 20251027201918.0
008 0714s1973 ag 01
040 _aAR-BaBN
_bspa
_cAR-BaBN
_eaacr
_dRIC
082 _a244.1000 V59
100 _ade Vernon, Sue Patrick
_917619
245 _aUn día feliz pare Francisco
250 _a1 ed.
260 _aEl Paso :
_bCasa Bautista de Publicaciones,
_c1968
300 _a30 p.
500 _a"historias para niños"
942 _cBK
999 _c13814
_d13814